Evoluce Pythonu moderní techniky, nová syntaxe a trendy
Guardado en:
| Autor principal: | |
|---|---|
| Formato: | Libro |
| Lenguaje: | checo |
| Publicado: |
Praha
CZ.NIC
2024
|
| Edición: | 1. vydání |
| Materias: | |
| Etiquetas: |
Sin Etiquetas, Sea el primero en etiquetar este registro!
|
MARC
| LEADER | 00000nam a2200000 4500 | ||
|---|---|---|---|
| 001 | 0308429 | ||
| 005 | 20250616092843.4 | ||
| 020 | |a 978-80-88168-76-8 | ||
| 041 | 0 | |a cze | |
| 044 | |a CZ | ||
| 245 | 1 | 0 | |a Evoluce Pythonu |b moderní techniky, nová syntaxe a trendy |c Pavel Tišnovský |
| 250 | |a 1. vydání | ||
| 264 | 1 | |a Praha |b CZ.NIC |c 2024 | |
| 300 | |a 485 s. | ||
| 610 | 2 | 0 | |a jazyky programovacie |
| 610 | 2 | 0 | |a programovanie |
| 610 | 2 | 0 | |a softvér |
| 610 | 2 | 0 | |a algoritmy |
| 100 | 1 | |a Tišnovský, Pavel | |